000 00847nam a22002417a 4500
005 20230223071858.0
008 230223b |||||||| |||| 00| 0 eng d
020 _a978-621-406-158-7
082 _aFil. 613.71 P569 2019
100 _aPunzalan, Michelle D.
_eauthor
245 _aPhysical education 1:
_bmovement enhancement: college textbook /
_cMichelle D. Punzalan, Antonio Jardin Habana Jr., Leila C. Crystal, Karen T. Bundalian, Belen T. Dante
250 _arev. ed.
260 _aManila:
_bMindshapers,
_cc2019
300 _aviii, 148p.:
_bill.
504 _aIncludes bibliographies
541 _e6445
650 _aPhysical education
650 _aPhysical fitness
700 _aHabana, Antonio J., Jr.
_eauthor
700 _aCrystal, Leila C.
_eauthor
700 _aBundalian, Karen T.
_eauthor
700 _aDante, Belen T.
_eauthor
999 _c1412
_d1412